Experimental methods for engineers / (Record no. 27233)

MARC details
000 -LEADER
fixed length control field 01381cam a22003015a 4500
001 - CONTROL NUMBER
control field 16794573
005 - DATE AND TIME OF LATEST TRANSACTION
control field 20190314122831.0
008 - FIXED-LENGTH DATA ELEMENTS--GENERAL INFORMATION
fixed length control field 110524s2012 nyua frb 001 0 eng d
010 ## - LIBRARY OF CONGRESS CONTROL NUMBER
LC control number 2011015004
020 ## - INTERNATIONAL STANDARD BOOK NUMBER
International Standard Book Number 9780071326483 (pbk.)
020 ## - INTERNATIONAL STANDARD BOOK NUMBER
International Standard Book Number 0071326480 (pbk.)
040 ## - CATALOGING SOURCE
Original cataloging agency DLC
Language of cataloging eng
Transcribing agency DLC
Modifying agency DLC
-- EG-ScBUE
082 04 - DEWEY DECIMAL CLASSIFICATION NUMBER
Classification number 620.0078
Item number HOL
Edition number 22
100 1# - MAIN ENTRY--PERSONAL NAME
Personal name Holman, J. P.
Fuller form of name (Jack Philip)
9 (RLIN) 34963
245 10 - TITLE STATEMENT
Title Experimental methods for engineers /
Statement of responsibility, etc J. P. Holman.
250 ## - EDITION STATEMENT
Edition statement 8th ed., International ed.
260 ## - PUBLICATION, DISTRIBUTION, ETC. (IMPRINT)
Place of publication, distribution, etc New York :
Name of publisher, distributor, etc McGraw-Hill Education,
Date of publication, distribution, etc 2012.
300 ## - PHYSICAL DESCRIPTION
Extent xix, 739 p. :
Other physical details ill. ;
Dimensions 25 cm.
490 0# - Series Statement
Series statement McGraw-Hill series in mechanical engineering
504 ## - BIBLIOGRAPHY, ETC. NOTE
Bibliography, etc Includes bibliographical references and index.
520 ## - SUMMARY, ETC.
Summary, etc "Experimental Methods for Engineers offers the broadest range of experimental measurement techniques available for mechanical and general engineering applications. Offering clear descriptions of the general behavior of different measurement techniques, such as pressure, flow, and temperature, the text emphasizes the use of uncertainty analysis and statistical data analysis in estimating the accuracy of measurements."
650 #7 - SUBJECT ADDED ENTRY--TOPICAL TERM
Topical term or geographic name as entry element Engineering
Form subdivision Laboratory manuals.
Source of heading or term BUEsh
650 #7 - SUBJECT ADDED ENTRY--TOPICAL TERM
Topical term or geographic name as entry element Engineering instruments.
Source of heading or term BUEsh
9 (RLIN) 29415
651 ## - SUBJECT ADDED ENTRY--GEOGRAPHIC NAME
Source of heading or term BUEsh
653 ## - INDEX TERM--UNCONTROLLED
Resource For college Engineering, Chemical
Arrived date list March2019
655 ## - INDEX TERM--GENRE/FORM
Form subdivision Reading book
942 ## - ADDED ENTRY ELEMENTS (KOHA)
Source of classification or shelving scheme Dewey Decimal Classification
Holdings
Withdrawn status Item status Source of classification or shelving scheme Damaged status Not for loan Vendor Home library Current library Shelving location Date acquired Source of acquisition Cost, normal purchase price Total Checkouts Full call number Barcode Date last seen Cost, replacement price Koha item type
    Dewey Decimal Classification     Baccah Central Library Central Library First floor 14/03/2019 Purchase 550.00   620.0078 HOL 000044374 15/07/2025 687.50 NB - Book (Non borrowing)
    Dewey Decimal Classification     Baccah Central Library Central Library First floor 14/03/2019 Purchase 550.00   620.0078 HOL 000044375 15/07/2025 687.50 Book - Borrowing
    Dewey Decimal Classification     Baccah Central Library Central Library First floor 14/03/2019 Purchase 550.00   620.0078 HOL 000044376 15/07/2025 687.50 Book - Borrowing